000 01070nam a22003257a 4500
003 CHAP
005 20220329143748.0
008 110722s2009 us a r 00010 eng d
010 _a101590
011 _a102562
020 _a9781844076529
035 _a113251
040 _cCHAP
082 0 4 _a333.91
_bC61
245 0 0 _aClimate change adaptation in the water sector
_c/ editado por Fulco Ludwig ...[et al.]
260 _aLondon :
_aSterling, VA :
_bEarthscan,
_c2009
300 _axxii, 274 p. :
_bilus., gráfs., mapas y tablas
590 _aBATCH-UPD
_b10
_c20130110
_lUCH01
_h1054
590 _aBATCH-UPD
_b10
_c20130410
_lUCH01
_h0649
590 _aBATCH-UPD
_b10
_c20130913
_lUCH01
_h2344
590 _aCONVERSION
_b10
_c20130109
_lUCH01
_h1356
650 1 4 _aAgua.
_92222
650 1 4 _aAgua
_xAbastecimiento.
_92223
650 1 4 _aCambio climático.
_917781
650 1 4 _aRecursos naturales
_xUtilización.
_995321
700 1 _aLudwig, Fulco
_968918
901 _aBK
942 _cLIBRO
949 _a333.91 C61
_bBC
_cLIBRO
_d33724002245587
_eLIBRO
_h115343
_i113251
_sb
999 _c101590
_d101590